<?xml version="1.0" encoding="UTF-8"?>
<record
    xmlns:xsi="http://www.w3.org/2001/XMLSchema-instance"
    xsi:schemaLocation="http://www.loc.gov/MARC21/slim http://www.loc.gov/standards/marcxml/schema/MARC21slim.xsd"
    xmlns="http://www.loc.gov/MARC21/slim">

  <leader>01025nam a2200229 a 4500</leader>
  <controlfield tag="001">1165</controlfield>
  <controlfield tag="003">BR-CuiBMT</controlfield>
  <controlfield tag="005">20231215221715.0</controlfield>
  <controlfield tag="008">231128s2013    dfba          000 0 por d</controlfield>
  <datafield tag="040" ind1=" " ind2=" ">
    <subfield code="a">BR-CuiBMT</subfield>
    <subfield code="c">BR-CuiBMT</subfield>
  </datafield>
  <datafield tag="080" ind1=" " ind2=" ">
    <subfield code="2">2007</subfield>
    <subfield code="a">336.132.1</subfield>
    <subfield code="x">(81)</subfield>
    <subfield code="x">(047)</subfield>
  </datafield>
  <datafield tag="090" ind1=" " ind2=" ">
    <subfield code="a">336.132.1(81)(047)</subfield>
    <subfield code="b">B823r</subfield>
  </datafield>
  <datafield tag="110" ind1="1" ind2=" ">
    <subfield code="a">Brasil</subfield>
    <subfield code="b">Tribunal de Contas da Uni&#xE3;o</subfield>
  </datafield>
  <datafield tag="245" ind1="1" ind2="0">
    <subfield code="a">Relat&#xF3;rio e parecer pr&#xE9;vio sobre as contas do governo da Rep&#xFA;blica :</subfield>
    <subfield code="b">Exerc&#xED;cio de 2012 /</subfield>
    <subfield code="c">Tribunal de Contas da Uni&#xE3;o ; Ministro Jos&#xE9; Jorge, relator.</subfield>
  </datafield>
  <datafield tag="260" ind1=" " ind2=" ">
    <subfield code="a">Bras&#xED;lia :</subfield>
    <subfield code="b">TCU,</subfield>
    <subfield code="c">2013.</subfield>
  </datafield>
  <datafield tag="300" ind1=" " ind2=" ">
    <subfield code="a">684 p. :</subfield>
    <subfield code="b">il. color.  ;</subfield>
    <subfield code="c">23 cm</subfield>
  </datafield>
  <datafield tag="505" ind1=" " ind2=" ">
    <subfield code="a">Desempenho da economia brasileira -- Planejamento e or&#xE7;amento -- Gest&#xE3;o fiscal -- Crescimento inclusivo -- Auditoria do Balan&#xE7;o Geral da Uni&#xE3;o (BGU) -- Parecer do relator -- Ressalvas -- Recomenda&#xE7;&#xF5;es.</subfield>
  </datafield>
  <datafield tag="650" ind1=" " ind2=" ">
    <subfield code="a">Administra&#xE7;&#xE3;o p&#xFA;blica</subfield>
    <subfield code="z">Brasil</subfield>
  </datafield>
  <datafield tag="650" ind1=" " ind2=" ">
    <subfield code="a">Presta&#xE7;&#xE3;o de contas</subfield>
    <subfield code="x">Relat&#xF3;rio</subfield>
    <subfield code="z">Brasil</subfield>
  </datafield>
  <datafield tag="650" ind1=" " ind2=" ">
    <subfield code="a">Tribunal de Conta da Uni&#xE3;o (TCU)</subfield>
    <subfield code="z">Brasil</subfield>
  </datafield>
  <datafield tag="942" ind1=" " ind2=" ">
    <subfield code="2">udc</subfield>
    <subfield code="c">LV</subfield>
  </datafield>
  <datafield tag="952" ind1=" " ind2=" ">
    <subfield code="0">0</subfield>
    <subfield code="1">0</subfield>
    <subfield code="2">udc</subfield>
    <subfield code="4">0</subfield>
    <subfield code="7">0</subfield>
    <subfield code="a">BIBTCEMT</subfield>
    <subfield code="b">BIBTCEMT</subfield>
    <subfield code="d">2023-11-30</subfield>
    <subfield code="l">0</subfield>
    <subfield code="o">336.132.1(81)(047) B823r</subfield>
    <subfield code="p">BIBTCEMT23111361</subfield>
    <subfield code="r">2023-11-30</subfield>
    <subfield code="t">Ex. 1</subfield>
    <subfield code="w">2023-11-30</subfield>
    <subfield code="y">LV</subfield>
  </datafield>
  <datafield tag="952" ind1=" " ind2=" ">
    <subfield code="0">0</subfield>
    <subfield code="1">0</subfield>
    <subfield code="2">udc</subfield>
    <subfield code="4">0</subfield>
    <subfield code="7">0</subfield>
    <subfield code="a">BIBTCEMT</subfield>
    <subfield code="b">BIBTCEMT</subfield>
    <subfield code="d">2023-12-11</subfield>
    <subfield code="l">0</subfield>
    <subfield code="o">336.132.1(81)(047) B823r</subfield>
    <subfield code="p">BIBTCEMT23120354</subfield>
    <subfield code="r">2023-12-11</subfield>
    <subfield code="t">Ex. 2</subfield>
    <subfield code="w">2023-12-11</subfield>
    <subfield code="y">LV</subfield>
  </datafield>
  <datafield tag="952" ind1=" " ind2=" ">
    <subfield code="0">0</subfield>
    <subfield code="1">0</subfield>
    <subfield code="2">udc</subfield>
    <subfield code="4">0</subfield>
    <subfield code="7">0</subfield>
    <subfield code="a">BIBTCEMT</subfield>
    <subfield code="b">BIBTCEMT</subfield>
    <subfield code="d">2023-12-14</subfield>
    <subfield code="l">0</subfield>
    <subfield code="o">336.132.1(81)(047) B823r	</subfield>
    <subfield code="p">BIBTCEMT23120479</subfield>
    <subfield code="r">2023-12-14</subfield>
    <subfield code="t">Ex. 3</subfield>
    <subfield code="w">2023-12-14</subfield>
    <subfield code="y">LV</subfield>
  </datafield>
  <datafield tag="999" ind1=" " ind2=" ">
    <subfield code="c">1165</subfield>
    <subfield code="d">1165</subfield>
  </datafield>
</record>
